Physical Metallurgy (Record no. 5434)
[ view plain ]
| 000 -LEADER | |
|---|---|
| fixed length control field | 00526nam a22001937a 4500 |
| 003 - CONTROL NUMBER IDENTIFIER | |
| control field | BUBTL |
| 008 - FIXED-LENGTH DATA ELEMENTS--GENERAL INFORMATION | |
| fixed length control field | 170316b xxu||||| |||| 00| 0 eng d |
| 020 ## - INTERNATIONAL STANDARD BOOK NUMBER | |
| International Standard Book Number | 81-86308-63-6 |
| 082 ## - DEWEY DECIMAL CLASSIFICATION NUMBER | |
| Classification number | 669.9SIP |
| 100 ## - MAIN ENTRY--PERSONAL NAME | |
| 9 (RLIN) | 1136 |
| Personal name | Sing,Vijendra |
| 245 ## - TITLE STATEMENT | |
| Title | Physical Metallurgy |
| 260 ## - PUBLICATION, DISTRIBUTION, ETC. (IMPRINT) | |
| Place of publication, distribution, etc. | Delhi |
| Name of publisher, distributor, etc. | Standard Publishers Distributors |
| Date of publication, distribution, etc. | c1999 |
| 300 ## - PHYSICAL DESCRIPTION | |
| Extent | 808p. |
| Other physical details | ills. |
| Dimensions | 24cm. |
| 650 #0 - SUBJECT ADDED ENTRY--TOPICAL TERM | |
| 9 (RLIN) | 1138 |
| Topical term or geographic name as entry element | Textile Engineering |
| 700 ## - ADDED ENTRY--PERSONAL NAME | |
| 9 (RLIN) | 1137 |
| Personal name | Sing,Vijendra |
| 856 ## - ELECTRONIC LOCATION AND ACCESS | |
| Password | 0 |
| Logon | 0 |
| Link text | Download |
| 942 ## - ADDED ENTRY ELEMENTS (KOHA) | |
| Source of classification or shelving scheme | |
| Koha item type | Books |
| Withdrawn status | Lost status | Source of classification or shelving scheme | Damaged status | Not for loan | Collection code | Permanent location | Current location | Shelving location | Date acquired | Inventory number | Total Checkouts | Full call number | Barcode | Date last seen | Copy number | Price effective from | Koha item type |
|---|---|---|---|---|---|---|---|---|---|---|---|---|---|---|---|---|---|
| Not For Loan | Non-fiction | Bangladesh University of Business and Technology Library | Bangladesh University of Business and Technology Library | Textile Engineering Stacks | 07/17/2010 | 7392 | 669.9SIP | BUBTL-20037392 | 03/16/2017 | C-1 | 03/16/2017 | Books |
